000 00734nam a2200277Ia 4500
005 20260320195744.0
008 008 262003s9999 xx 000 0 hin d
020 _a9788126725519
037 _aEBOOK
040 _aCRL
040 _bhin
040 _cCRL
041 _2hin
041 _ahin
084 _qCRL
100 _aअखिलेश, सं. मनोज कुमार पांडे
_91133016
245 0 _aकहानियाँ रिश्तों की : माँ
250 _a1st
260 _bRajkamal
260 _c2014
300 _a192
856 _uhttps://ebook.indiaread.in/pdfs/maa_by_majoj_kumar_pandey-4.pdf
942 _cEBOOK
999 _c1716321
_d1716321